| 000 | 00320nam a22001217a 4500 | ||
|---|---|---|---|
| 008 | 230703b xxu||||| |||| 00| 0 eng d | ||
| 082 |
_a351.156762 _bWAM |
||
| 100 | _cChairman W.N Wamalwa | ||
| 245 |
_aReport of the Training Review Committee _b1971-72 |
||
| 260 |
_aNairobi _bGOK _c1972 |
||
| 300 | _a136p | ||
| 942 |
_2ddc _cBK |
||
| 999 |
_c3261 _d3261 |
||